00828nam a2200241 a 4500001001000000003000900010005001700019007000300036008004100039020001800080040002500098082001400123100003800137245009200175260004600267300002100313500005800334590002600392910001500418942001400433952012200447999001700569000042840DO-SdBNP20220223113022.0ta140211s2012 dr 000 0 spa d a9789945471380 aDO-SdBNPbspacBNPHU 4bA473L2221 aÁlvarez, Eduardo,d1953-97790913aLa buena familia de Fe Luna /cEduardo Álvarez ; corrección de estilo Miriam Veliz. aSanto Domingo : bAmigo del Hogar,c2012. a395 p. ;c22 cm. aIncluye datos biográficos del autor en las solapas. aInventariado, 2022/BT aBtavárez 2ddccLBS1 00102ddc53708PDaBNPHUbBNPHUcHDd2014-02-11eDonación ODECOPLINl0o p42840-10r2020-06-25w2020-06-25yLBS1 c42329d42329